| 000 | 00943cam a22002775a 4500 | ||
|---|---|---|---|
| 001 | 15593258 | ||
| 005 | 20201128023918.0 | ||
| 008 | 090121t2009 nyua frb 001 0 eng d | ||
| 020 | _a9780071605472 | ||
| 020 | _a0071605479 | ||
| 040 |
_aDLC _cDLC _dBTCTA _dBAKER _dYDXCP _dC#P _dBWX _dCDX _dDLC _dEG-ScBUE _beng |
||
| 082 | 0 | 4 |
_222 _a005.1 _bSOF |
| 245 | 0 | 0 |
_aSoftware & systems requirements engineering : _bin practice / _cBrian Berenbach ... [et al.] |
| 246 | 3 | _aSoftware and systems requirements engineering | |
| 260 |
_aNew York : _bMcGraw-Hill, _cc.2009. |
||
| 300 |
_axxv, 321 p. : _bill. ; _c24 cm. |
||
| 500 | _aIndex : p. 301-321. | ||
| 504 | _aIncludes bibliographical references. | ||
| 650 | 7 |
_aSoftware engineering. _2BUEsh _93832 |
|
| 650 | 0 |
_aSystem design. _2BUEsh _9733 |
|
| 650 | 0 |
_aRequirements engineering. _2BUEsh _940783 |
|
| 651 | _2BUEsh | ||
| 653 |
_bCOMSCI _cOctober2016 |
||
| 700 | 1 | _aBerenbach, Brian. | |
| 942 | _2ddc | ||
| 999 |
_c22718 _d22690 |
||